000
00313nam a2200109 4500
008
240222b |||||||| |||| 00| 0 eng d
245
_a
Logos-Vol. 30, no. 2 (June 1991)
246
_a
Her story : Case studies on vialence
260
_a
Colombo :
_b
Centre for society & Religion,
_c
1991
300
_b
90 p.
942
_c
CR
999
_c
4791
_d
4791